书目信息 |
| 题名: |
汉语言文学专业课试题集
|
|
| 作者: | ||
| 分册: | ||
| 出版信息: | 石家庄 石家庄市佳鑫诺学校 2007 |
|
| 页数: | 222页 | |
| 开本: | 19cm | |
| 丛书名: | ||
| 单 册: | ||
| 中图分类: | G642.3 | |
| 科图分类: | ||
| 主题词: | 教育--各级 | |
| 电子资源: | ||
| ISBN: | ||
| 000 | 00592nam0 2200205 45 | |
| 001 | 0184011936 | |
| 005 | 20070804174323.65 | |
| 010 | @dCNY30.00 | |
| 100 | @a19960215d2007 em y0chiy0121 ea | |
| 101 | 0 | @achi |
| 102 | @aCN@b130000 | |
| 105 | @ay z 000yy | |
| 200 | 10 | @a汉语言文学专业课试题集@Ahan yu yan wen xue zhuan ye ke shi ti ji@e佳鑫诺专接本 |
| 210 | @a石家庄@c石家庄市佳鑫诺学校@d2007 | |
| 215 | @a222页@d19cm | |
| 517 | 1 | @a佳鑫诺专接本@Ajia xin nuo zhuan jie ben |
| 606 | 0 | @a教育@x各级 |
| 690 | @aG642.3@v3 | |
| 801 | 0 | @aCN@bNLC@c20070804 |
| 905 | @f2@b200649-650@dG642.3@e444 | |
| 汉语言文学专业课试题集:佳鑫诺专接本.-石家庄:石家庄市佳鑫诺学校,2007 |
| 222页;19cm |
| ISBN :CNY30.00 |
| ● |
| 相关链接 |
|
|
|
|
正题名:汉语言文学专业课试题集
索取号:G642.3/444
 
预约/预借
| 序号 | 登录号 | 条形码 | 馆藏地/架位号 | 状态 | 备注 |
| 1 | 0791167 | 207911679 | 第一样本阅览室/ [索取号:G642.3/444] | 在馆 |